000 00571nmm a2200169Ia 4500
008 251105s9999||||xx |||||||||||||||||und||
020 _a9788497432108
041 _aspa
100 _aHerrero Suárez, Henar
245 0 _aUn yugo para los flechas :
_b Educación no formal y adoctrinamiento infantil en "Flechas y Pelayos"
264 _a[Madrid, España] :
_bMilenio,
_c2010
300 _a362 páginas
490 _aColección Educación. Serie Estudios
650 _aHistory of Europe: Spain
856 _uhttps://public.digitaliapublishing.com/a/6409
942 _cCF
999 _c90505
_d90505